Nazwy geograficzne w tytułach filmów - Statystyki

Ogólne statystyki
  • Ten quiz został rozwiązany 119 razy
  • Średni wynik to 9 z 20
Statystyki odpowiedzi
Tytuł filmu Rok produkcji Reżyseria Główni aktorzy % Poprawnych
Piraci z {Karaibów}: Klątwa Czarnej Perły 2003 Gore Verbinski Johny Depp, Orlando Bloom
96%
Bezsenność w {Seattle} 1993 Nora Ephron Tom Hanks, Meg Ryan
69%
Siedem Lat w {Tybecie} 1997 Jean-Jacques Annaud Brad Pitt, David Thewlis
68%
{Miami} Vice 2006 Michael Mann Colin Farrell, Jamie Foxx
59%
Pożegnanie z {Afryką} 1985 Sydney Pollack Meryl Streep, Robert Redford
58%
Dawno temu w {Ameryce} 1984 Sergio Leone Robert De Niro, James Woods
55%
Rękopis znaleziony w {Saragossie} 1964 Wojciech Has Zbigniew Cybulski, Iga Cembrzyńska
48%
{Casablanca} 1942 Michael Curtiz Humphrey Bogart, Ingrid Bergman
47%
Święci z {Bostonu} 1999 Troy Duffy Willem Dafoe, Sean Patrick Flanery
41%
3.10 do {Yumy} 2007 James Mangold Christian Bale, Russel Crowe
39%
Trzy billboardy za Ebbing, {Missouri} 2017 Martin McDonagh Frances McDormand, Woody Harrelson
39%
{Las Vegas} Parano 1998 Terry Gilliam Johnny Depp, Benicio Del Toro
37%
Ostatni Król {Szkocji} 2006 Kevin Macdonald Forest Whitaker, James McAvoy
34%
Pozdrowienia z {Rosji} 1963 Terence Young Sean Connery, Daniela Bianchi
33%
{Chicago} 2002 Rob Marshall Renee Zellweger, Catehrine Zeta-Jones
32%
Ucieczka z {Nowego Jorku} 1981 John Carpenter Kurt Russel, Jamie Lee Curtis
32%
{Filadelfia} 1993 Jonathan Demme Tom Hanks, Denzel Washington
28%
Hotel {Rwanda} 2004 Terry George Don Cheadle, Nick Noltie
15%
{Monachium} 2005 Steven Spielberg Eric Bana, Daniel Craig
15%
{Sahara} 2005 Breck Eisner Matthew McConaughey, Penelope Cruz
6%
Nie znaleziono quizów pasujących do podanych kryteriów
Rozkład punktacji
Procent ludzi z każdym wynikiem
Percentyl według liczby udzielonych odpowiedzi
Twoja historia wyników
Nie rozwiązałeś tego quizu